Telecommunication And Internetworking: An Overview (Record no. 23108)

000 -LEADER
fixed length control field 00285nam a22001217a 4500
003 - CONTROL NUMBER IDENTIFIER
control field NUST
005 - DATE AND TIME OF LATEST TRANSACTION
control field 20171010173239.0
008 - FIXED-LENGTH DATA ELEMENTS--GENERAL INFORMATION
fixed length control field 171010b xxu||||| |||| 00| 0 eng d
020 ## - INTERNATIONAL STANDARD BOOK NUMBER
International Standard Book Number 8120324390
040 ## - CATALOGING SOURCE
Original cataloging agency DLC
Language of cataloging DLC
Transcribing agency RCMS
082 ## - DEWEY DECIMAL CLASSIFICATION NUMBER
Classification number 621.382NII
100 ## - MAIN ENTRY--PERSONAL NAME
Personal name NIIT
9 (RLIN) 5329
245 ## - TITLE STATEMENT
Title Telecommunication And Internetworking: An Overview
Statement of responsibility, etc. Niit
260 ## - PUBLICATION, DISTRIBUTION, ETC.
Place of publication, distribution, etc. India
Name of publisher, distributor, etc. Prentice Hall of India
Date of publication, distribution, etc. C,2004
300 ## - PHYSICAL DESCRIPTION
Extent x,311p,:
Other physical details Pb
Dimensions 22,cm.
538 ## - SYSTEM DETAILS NOTE
Display text Shelf No 2 Row No 1
650 ## - SUBJECT ADDED ENTRY--TOPICAL TERM
Topical term or geographic name entry element Telecommunication
9 (RLIN) 238
856 ## - ELECTRONIC LOCATION AND ACCESS
Materials specified Table of Content only
942 ## - ADDED ENTRY ELEMENTS (KOHA)
Koha item type Book
Source of classification or shelving scheme
Holdings
Withdrawn status Lost status Damaged status Not for loan Collection code Permanent Location Current Location Shelving location Date acquired Source of acquisition Cost, normal purchase price Full call number Barcode Date last seen Price effective from Koha item type
          NUST Baluchistan Campus (NBC) NUST Baluchistan Campus (NBC) General Stacks 03/01/2013 Purchase 395.00 621.382NII RCMS000010 03/01/2013 01/05/2017 Book
© 2023 Central Library, National University of Sciences and Technology. All Rights Reserved.